Mi vida / (Record no. 137355)

MARC details
000 -CABECERA
campo de control de longitud fija 01926nam a22004694i 4500
001 - NÚMERO DE CONTROL
campo de control 991002079359706706
003 - IDENTIFICADOR DEL NÚMERO DE CONTROL
campo de control ES-BaIT
005 - FECHA Y HORA DE LA ÚLTIMA TRANSACCIÓN
campo de control 20260413083120.0
008 - DATOS DE LONGITUD FIJA--INFORMACIÓN GENERAL
campo de control de longitud fija 210122s2018 sp a 001 0aspa c
017 ## - NÚMERO DE COPYRIGHT O DE DEPÓSITO LEGAL
Número de copyright o de depósito legal DL M 38117-2018 (volum 1)
Agencia que asigna Oficina DL Madrid
017 ## - NÚMERO DE COPYRIGHT O DE DEPÓSITO LEGAL
Número de copyright o de depósito legal DL M 38118-2018 (volum 2)
Agencia que asigna Oficina DL Madrid
017 ## - NÚMERO DE COPYRIGHT O DE DEPÓSITO LEGAL
Número de copyright o de depósito legal DL M 38119-2018 (volum 3)
Agencia que asigna Oficina DL Madrid
020 ## - NÚMERO INTERNACIONAL ESTÁNDAR DEL LIBRO
Número Internacional Estándar del Libro 9788494671784
Información calificativa (volum 1)
020 ## - NÚMERO INTERNACIONAL ESTÁNDAR DEL LIBRO
Número Internacional Estándar del Libro 9788494671791
Información calificativa (volum 2)
020 ## - NÚMERO INTERNACIONAL ESTÁNDAR DEL LIBRO
Número Internacional Estándar del Libro 9788494965005
Información calificativa (volum 3)
035 ## - NÚMERO DE CONTROL DEL SISTEMA
Número de control de sistema (ES-BaCBU).b74849888
035 ## - NÚMERO DE CONTROL DEL SISTEMA
Número de control de sistema (OCoLC)1519574074
040 ## - FUENTE DE LA CATALOGACIÓN
Centro catalogador/agencia de origen ES-BaICD
Lengua de catalogación cat
Normas de descripción rda
Centro/agencia transcriptor ES-BaICD
043 ## - CÓDIGO DE ÁREA GEOGRÁFICA
Código de área geográfica e-sp---
080 ## - NÚMERO DE LA CLASIFICACIÓN DECIMAL UNIVERSAL
Número de la Clasificación Decimal Universal 792.021.07
100 1# - ENTRADA PRINCIPAL--NOMBRE DE PERSONA
Nombre de persona Durán, Victorina,
Fechas asociadas al nombre 1899-1993
Término indicativo de función/relación autor
9 (RLIN) 162937
245 10 - MENCIÓN DE TÍTULO
Título Mi vida /
Mención de responsabilidad, etc. Victorina Durán ; edición de Idoia Murga Castro y Carmen Gaitán Salinas
264 #1 - PRODUCCIÓN, PUBLICACIÓN, DISTRIBUCIÓN, FABRICACIÓN Y COPYRIGHT
Producción, publicación, distribución, fabricación y copyright [Madrid] :
Nombre del de productor, editor, distribuidor, fabricante Publicaciones de la Residencia de Estudiantes,
Fecha de producción, publicación, distribución, fabricación o copyright [2018]
300 ## - DESCRIPCIÓN FÍSICA
Extensión 3 volums (381, 213, 287 pàgines) :
Otras características físicas il·lustracions ;
Dimensiones 22 cm
336 ## - TIPO DE CONTENIDO
Término de tipo de contenido text
Código de tipo de contenido txt
Fuente rdacontent
337 ## - TIPO DE MEDIO
Nombre/término del tipo de medio sense mediació
Código del tipo de medio n
Fuente rdamedia
338 ## - TIPO DE SOPORTE
Nombre/término del tipo de soporte volum
Código del tipo de soporte nc
Fuente rdacarrier
504 ## - NOTA DE BIBLIOGRAFÍA, ETC.
Nota de bibliografía, etc. Inclou referències bibliogràfiques i índex
505 8# - NOTA DE CONTENIDO CON FORMATO
Nota de contenido con formato Conté: 1. Sucedió -- 2. El Rastro : vida de lo inanimado -- 3. Así es
600 10 - PUNTO DE ACCESO ADICIONAL DE MATERIA--NOMBRE DE PERSONA
Nombre de persona Durán, Victorina,
Fechas asociadas al nombre 1899-1993
9 (RLIN) 162937
650 #0 - PUNTO DE ACCESO ADICIONAL DE MATERIA--TÉRMINO DE MATERIA
Término de materia o nombre geográfico como elemento de entrada Dones en el teatre
Subdivisión geográfica Espanya
Subdivisión de forma Biografia
Fuente del encabezamiento o término lemac
9 (RLIN) 169219
650 #0 - PUNTO DE ACCESO ADICIONAL DE MATERIA--TÉRMINO DE MATERIA
Término de materia o nombre geográfico como elemento de entrada Escenògrafs
Subdivisión general Diferències entre sexes
Fuente del encabezamiento o término lemac
9 (RLIN) 169218
650 #0 - PUNTO DE ACCESO ADICIONAL DE MATERIA--TÉRMINO DE MATERIA
Término de materia o nombre geográfico como elemento de entrada Pintores
Subdivisión geográfica Espanya
Subdivisión de forma Biografia
Fuente del encabezamiento o término lemac
9 (RLIN) 169217
650 #0 - PUNTO DE ACCESO ADICIONAL DE MATERIA--TÉRMINO DE MATERIA
Término de materia o nombre geográfico como elemento de entrada Lesbianes
Subdivisión geográfica Espanya
Subdivisión de forma Biografia
Fuente del encabezamiento o término lemac
9 (RLIN) 169216
650 #0 - PUNTO DE ACCESO ADICIONAL DE MATERIA--TÉRMINO DE MATERIA
Término de materia o nombre geográfico como elemento de entrada Escenògrafes
Subdivisión geográfica Espanya
Subdivisión de forma Biografia
Fuente del encabezamiento o término lemac
9 (RLIN) 150110
700 1# - ENTRADA AGREGADA--NOMBRE PERSONAL
Nombre de persona Murga Castro, Idoia
Término indicativo de función/relación editor literari
9 (RLIN) 35399
700 1# - ENTRADA AGREGADA--NOMBRE PERSONAL
Nombre de persona Gaitán Salinas, Carmen
Término indicativo de función/relación editor literari
9 (RLIN) 169220
907 ## - ELEMENTOS DE DATOS G LOCAL, LDG (RLIN)
a .b74849888
b 23-02-21
c 22-01-21
d 22-01-21
e m
f a
g -
h spa
i sp
j 0
k 0
908 ## - COLOCAR PARÁMETRO DE COMANDO (RLIN)
Colocar parámetro de comando ICD
-- UB
-- CDMAE
940 ## - EQUIVALENCIA O REFERENCIA-CRUZADA--TÍTULO UNIFORME [OBSOLETO] [solamente CAN/MARC]
Título uniforme <a href="BNE">BNE</a>
-- <a href="UB">UB</a>
942 ## - ELEMENTOS DE ENTRADA AGREGADA (KOHA)
Fuente del sistema de clasificación o colocación Clasificación decimal universal
Tipo de ítem Koha Llibre
Holdings
Estado de retiro Estado de pérdida Fuente del sistema de clasificación o colocación Estado dañado No para préstamo Localización permanente Ubicación/localización actual Ubicación en estantería Fecha de adquisición Fuente de adquisición Total de préstamos Signatura topográfica completa Código de barras Fecha visto por última vez Precio válido a partir de Tipo de ítem Koha
    Clasificación decimal universal   Novetat Biblioteca Barcelona Biblioteca Barcelona BCN Lliure Accés 13/04/2026 Compra   792.021.07 DURAN 1900090003 13/04/2026 13/04/2026 Llibre
    Clasificación decimal universal     Biblioteca Barcelona Biblioteca Barcelona BCN Lliure Accés 13/04/2026 Compra   792.021.07 DURAN 1900090004 13/04/2026 13/04/2026 Llibre
    Clasificación decimal universal     Biblioteca Barcelona Biblioteca Barcelona BCN Lliure Accés 13/04/2026 Compra   792.021.07 DURAN 1900090005 13/04/2026 13/04/2026 Llibre

Powered by Koha